000 01119cam a2200253 a 4500
001 000006039
005 20200929151910.0
008 970530s1996 cu 001 p spa
020 _a959040040X
040 _aDO-SdBNP
_cDLC
_dDLC
082 _aCh861.44
_bH313c
100 1 _aHarris, Tomás,
_d1956-
_917029
245 1 0 _aCrónicas maravillosas /
_cTomàs Harris ; edicion, Ramos César.
260 _aLa Habana :
_bCasa de las Américas,
_c1996.
300 _a179 p. ;
_c19 cm.
490 1 _aArte de nuestra América "Haydee Santamaría" Casa de las Américas
_aPoesía
500 _aPremio Casa de las Américas
520 1 _a"Extensa colección en que el personaje de Bergman, Antonius Block, se desplaza a la deriva en un universo multiforme y caótica, de fuertes tonalidades pesadillescas, donde los tiempos y las culturas se entrecruzan para formar una épica onírica y agónica".
650 4 _aPoesía chilena
_99166
650 4 _aLiteratura chilena
_ySIGLO XX
_914677
700 1 _aRamos, César
_913341
830 0 _aPremio Casa de las Américas ;
_pPoesía
_917030
910 _aCatalogación derivada / LC
999 _c5835
_d5835